|
|
|
|
| LEADER |
00000nam2a2200000 4500 |
| 001 |
38494 |
| 005 |
20231101210513.0 |
| 035 |
|
|
|a (RuTPU)RU\TPU\book\39252
|
| 090 |
|
|
|a 38494
|
| 100 |
|
|
|a 20020306d1975 km y0rusy50 ca
|
| 101 |
0 |
|
|a rus
|
| 102 |
|
|
|a RU
|
| 105 |
|
|
|a a g 001zy
|
| 200 |
0 |
|
|a Т. 1
|
| 210 |
|
|
|d 1975
|
| 215 |
|
|
|a 447 с.
|c ил.
|
| 320 |
|
|
|a Библиогр. в конце разделов
|
| 461 |
|
1 |
|0 (RuTPU)RU\TPU\book\39247
|t Справочник по пластическим массам
|o в 2 томах
|f Под ред. В. М. Катаева, В. А. Попова, Б. И. Сажина
|v Т. 1
|e 2-е изд., перераб. и доп.
|d 1975
|
| 606 |
|
|
|a Пластмассы
|2 stltpush
|3 (RuTPU)RU\TPU\subj\49097
|9 67908
|
| 610 |
1 |
|
|a полиолефины
|
| 610 |
1 |
|
|a ПВХ
|
| 610 |
1 |
|
|a поливинилхлорид
|
| 610 |
1 |
|
|a полистирол
|
| 610 |
1 |
|
|a фторопласты
|
| 610 |
1 |
|
|a полиметакрилаты
|
| 610 |
1 |
|
|a поливиниловый спирт
|
| 610 |
1 |
|
|a полиформальдегиды
|
| 610 |
1 |
|
|a синтетические клеи
|
| 610 |
1 |
|
|a пластификаторы
|
| 610 |
1 |
|
|a антистатики
|
| 610 |
1 |
|
|a справочники
|
| 675 |
|
|
|a 678.5(035)
|v 3
|
| 801 |
|
1 |
|a RU
|b 63413507
|c 20020306
|g PSBO
|
| 801 |
|
2 |
|a RU
|b 63413507
|c 20201028
|g PSBO
|
| 942 |
|
|
|c BK
|